1023 1093 1834 1025 1745 1606 1924 1858 1099 1500 1965 1126 1521 1140 1344 1218 1459 1205 1766 1374 1043 1546 1290 1575 1162 1763 1353 1828 1622 1948 1588 1334 1478 1339 1770 1756 1694 1780 1704 1374 1430 1993 1027 1658 1788 1615 1771 1423 1489 1494 1476 1072 1550 1154 1206 1120 1667 1420 1933 1342 1682 1096 1907 1703 1282 1656 1446 1929 1580 1250 1613 1423 1482 1973 1921 1134 1272 1055 1750 1576 1956 1790 1960 1397 1803 1326 1017 1694 1592 1914 1982 1114 1278 1434 1929 1060 1241 1285 1570 BCNSPRNW ULIB Ver.6.0+V

เปลี่ยนเป็นภาษาไทย

Change to English
 แสดงรายละเอียดบรรณานุกรม
  กลับหน้าหลัก

Brief Record : Get Marc (ISO 2709) : E-mail record : QR code < ปิดหน้าต่าง
LEADER : 00000nam 2200000uu 4500
001    13399120206
003     ULIB
008    120912s2553||||th 000 0 tha d
020    ^a9789741075430
050  4 ^aLB1043^bน784ก
100 0  ^aเนตร หงษ์ไกรเลิศ
245 10 ^aการใช้โสตทัศนูปกรณ์ /^cเนตร หงษ์ไกรเลิศ, ธนะเมศฐ์ รฐาพงศ์พัชรา และปณิธาน มหุวรรณ ; อรุณี ยันตรปกรณ์; บรรณาธิการ
250    ^aพิมพ์ครั้งที่ 1
260    ^aนนทบุรี :^bโครงการสวัสดิการวิชาการ สถาบันพระบรมราชชนก, ^c2553
300    ^a221 หน้า :^bภาพประกอบ
650  7 ^aโสตทัศนูปกรณ์
650  7 ^aโสตทัศนศึกษา
710 2  ^aสถาบันพระบรมราชชนก.^bโครงการสวัสดิการวิชาการ
945    ^p250^l0^i19521
995    ^aกัณชพร
999    ^aทศพร เกษรทอง
รายการนี้ยังไม่มีแท็ก
คุณยังไม่ได้ล็อกอิน คุณสามารถมีกิจกรรมร่วมกับเว็บไซต์ได้ แต่ต้องล็อกอินก่อน ::
  ล็อกอิน

รายการสื่อสารสนเทศ

ลำดับที่ ประเภท เลขเรียก/บาร์โค้ด สถานที่ สถานะ
1. วิทยาศาสตร์การแพทย์ และสุขภาพ
วิทยาศาสตร์การแพทย์ และสุขภาพ
LB1043 น784ก  
  Barcode: 19521
ห้องสมุดวิทยาเขตสวรรค์ประชารักษ์
►หนังสือทั่วไป
บนชั้น

รายการใกล้เคียง
    ผู้แต่ง [เนตร หงษ์ไกรเลิศ]

    หัวเรื่อง [โสตทัศนูปกรณ์]
    หัวเรื่อง [โสตทัศนศึกษา]

BibComment


ยังไม่เคยถูกคอมเมนท์

คอมเมนท์ทรัพยากรรายการนี้
  คอมเมนท์: การใช้โสตทัศนูปก..


 Copyright 2026. Bcnsprnw @Library